| 000 | 00651cam a2200241 4500 | ||
|---|---|---|---|
| 001 | J98515 | ||
| 008 | 090401t1999 xxu||||| |||| 00| 0 eng d | ||
| 035 | _a(Sirsi) u93236 | ||
| 041 | _aeng | ||
| 050 | _a333.3370942733 | ||
| 110 |
_aRichard Ellis St. Quintin _93738 |
||
| 245 | _aManchester market bulletin : Manchester office market. - Winter 1998/99 | ||
| 260 |
_bRichard Ellis St. Quintin _c1999 |
||
| 300 | _a4 p. ; 30cm. | ||
| 350 | _a0 | ||
| 650 | _aFLOORSPACE STATISTICS | ||
| 650 | _aMANCHESTER | ||
| 650 | _aOFFICES | ||
| 650 | _aPROPERTY MARKET | ||
| 690 | _aPROPERTY-COMMERCIAL PROPERTY | ||
| 942 | _n0 | ||
| 948 | _c10/05/1999 | ||
| 999 |
_c97819 _d97819 |
||